[Event "Hamburg-chT Landesliga 2122"]
[Site "Hamburg"]
[Date "2022.04.03"]
[Round "8.6"]
[White "Hoppe, Daniel"]
[Black "Purniel Umpierre, Christian"]
[Result "0-1"]
[WhiteElo "1984"]
[BlackElo "2000"]
[PlyCount "40"]
[EventDate "2021.10.31"]
[EventType "team-tourn"]
[EventRounds "9"]
[EventCountry "GER"]
[SourceTitle "EXT 2023"]
[Source "ChessBase"]
[SourceDate "2022.10.05"]
[SourceVersion "1"]
[SourceVersionDate "2022.10.05"]
[SourceQuality "1"]
[WhiteTeam "Harburg Diagonale"]
[BlackTeam "Weisse Dame"]
[WhiteTeamCountry "GER"]
[BlackTeamCountry "GER"]

1. e4 c5 2. Nf3 e6 3. d4 cxd4 4. Nxd4 a6 5. c4 Nf6 6. Bd3 Nc6 7. Nc2 d5 8. exd5 exd5 9. 0-0 Be6 10. cxd5 Nxd5 11. Re1 Be7 12. Qh5 Qd7 13. h3 0-0-0 14. Bf1 g6 15. Qf3 g5 16. Ne3 Nd4 17. Qe4 Nf4 18. Na3 f5 19. Qe5 Nxh3+ 20. gxh3 Nf3+ 0-1

[Event "Hamburg-chT Landesliga 2122"]
[Site "Hamburg"]
[Date "2021.10.31"]
[Round "1.7"]
[White "Purniel Umpierre, Christian"]
[Black "Herlan, Klaus Juergen"]
[Result "1/2-1/2"]
[WhiteElo "2000"]
[BlackElo "2018"]
[PlyCount "30"]
[EventDate "2021.10.31"]
[EventType "team-tourn"]
[EventRounds "9"]
[EventCountry "GER"]
[SourceTitle "EXT 2023"]
[Source "ChessBase"]
[SourceDate "2022.10.05"]
[SourceVersion "1"]
[SourceVersionDate "2022.10.05"]
[SourceQuality "1"]
[WhiteTeam "Weisse Dame"]
[BlackTeam "Marmstorf"]
[WhiteTeamCountry "GER"]
[BlackTeamCountry "GER"]

1. e4 c5 2. Nf3 e6 3. d3 Nc6 4. g3 d5 5. Nbd2 Bd6 6. Bg2 Nge7 7. 0-0 0-0 8. Re1 f6 9. c3 d4 10. Nc4 e5 11. Nxd6 Qxd6 12. c4 Rb8 13. Rf1 Be6 14. Ne1 b5 15. b3 bxc4 1/2-1/2

[Event "Hamburg-chT Landesliga 1920"]
[Site "Hamburg"]
[Date "2020.03.01"]
[Round "7.14"]
[White "Grote, Dirk"]
[Black "Purniel Umpierre, Christian"]
[Result "1/2-1/2"]
[WhiteElo "2036"]
[BlackElo "1995"]
[PlyCount "34"]
[EventDate "2019.09.29"]
[EventType "team-tourn"]
[EventRounds "9"]
[EventCountry "GER"]
[SourceTitle "EXT 2022"]
[Source "ChessBase"]
[SourceDate "2021.10.06"]
[SourceVersion "1"]
[SourceVersionDate "2021.10.06"]
[SourceQuality "1"]

1. d4 e6 2. c4 f5 3. g3 Nf6 4. Bg2 c6 5. Nf3 d5 6. 0-0 Bd6 7. Nc3 Nbd7 8. Qc2 Ne4 9. Rb1 a5 10. b3 0-0 11. Bb2 Ndf6 12. e3 Nxc3 13. Bxc3 Ne4 14. Ne5 Bd7 15. Ba1 Be8 16. f3 Nf6 17. Rbc1 Nd7 1/2-1/2

[Event "Hamburg-chT Landesliga 1920"]
[Site "Hamburg"]
[Date "2020.02.09"]
[Round "6.7"]
[White "Herlan, Klaus Juergen"]
[Black "Purniel Umpierre, Christian"]
[Result "1-0"]
[WhiteElo "1996"]
[BlackElo "1995"]
[PlyCount "61"]
[EventDate "2019.09.29"]
[EventType "team-tourn"]
[EventRounds "9"]
[EventCountry "GER"]
[SourceTitle "EXT 2021"]
[Source "ChessBase"]
[SourceDate "2020.10.23"]
[SourceVersion "1"]
[SourceVersionDate "2020.10.23"]
[SourceQuality "1"]

1. d4 e6 2. Nf3 f5 3. g3 Nf6 4. Bg2 Be7 5. 0-0 0-0 6. c4 d6 7. b3 Ne4 8. Bb2 Bf6 9. Nbd2 Nc6 10. e3 Qe8 11. a3 Nxd2 12. Nxd2 e5 13. d5 Ne7 14. Rc1 g5 15. c5 Ng6 16. cxd6 cxd6 17. Nc4 Be7 18. a4 g4 19. f4 gxf3 20. Bxf3 Qd8 21. Rc2 Bg5 22. Ba3 Rf6 23. Bg2 b6 24. Qh5 Rf7 25. Nxd6 Bxe3+ 26. Kh1 Rf6 27. Nxf5 Bxf5 28. Rxf5 Rxf5 29. Qxf5 Bd4 30. d6 Rb8 31. Rc7 1-0